Quizzes
Events
Quiz Creation
Community
Videos
Private Events
Remove Ads
Sign In
Join for FREE
Feedback
Dark Mode
Quiz Categories
Sports
Geography
Music
Movies
Television
Just For Fun
Miscellaneous
History
Literature
Language
Science
Gaming
Entertainment
Religion
Holiday
For Kids
Quiz Lab
Recent
Popular Today
Quiz Kudos Today
Editor Picks
Curator Picks
Quizzes by...
Day
Popularity
Type
Ratings
Length
Year
Community
Subscriptions
Recent Discussions
Orange Saloon
Badges
Playlists
Quests
Create
Leaderboards
Showdown
Live 5
Trivia Bingo
Activity
Puzzle Library
Sporcle Events
Private Events
Virtual Trivia
Globe League
Become a Host
Pub Owners
SporcleCon
Opinionation
Our Games
Videos
Blog
Mobile Apps
Partnerships
Remove Ads and Go Orange
Feedback
Television
TV Characters
TV Show
Sitcom
Network
Friends
Reality Shows
Cast
South Park
Star Trek
The Simpsons
Doctor Who
Television
TV Characters
TV Show
Sitcom
Network
Friends
Reality Shows
Cast
South Park
Star Trek
The Simpsons
Doctor Who
Random Quiz
Search Sporcle
×
Quiz Lab
Quiz Lab
Television
Character
Type in answers that appear in a list
Type in answers that appear in a list
Classic
Best Score? Go Orange.
WaterlooRoad characters (series 6) Stats
Can you name the Waterloo Road characters (series 6)?
By
conorcow1999
10m
25 Questions
783 Plays
783 Plays
783 Plays
Comments
Comments
Give Quiz Kudos
Give Quiz Kudos
-
- Ratings
hide this ad
Replay
Link that replays current quiz
Next Quiz
Link to next quiz in quiz playlist
You Got
0%
They Got
Avg Score
68%
Avg Friend Score
Upgrade to see
Score Distribution
Jump to the score distribution portion of the page
Score
0/25
Timer
10:00
0
Plays Today
Hint
Answer
% Correct
Daughter of head teacher
Jess fisher
97.1%
Best friend to a very ill girl
Lauren Andrews
86.1%
Is in a relationship with Finn Sharky
Sambuca Kelly
84.4%
A dj for clubs, loves money
Ronan Burley
82.2%
His dad ran off with another lady his mum is the head teacher
Harry Fisher
76.6%
An english teacher who's son is Josh
Tom Clarkson
75.6%
In one episode he cries by his sister's door
Denzil Kelly
74.8%
his last name sounds like a deadly fish
Finn Sharkey
74.3%
Is not straight
Josh Stevenson
73.2%
The head teacher
Karen Fisher
72.7%
He is good at street dancing
Kyle Stack
72.4%
Her sister killed her dad
Emily James
71.3%
Deputy head
Chris Mead
69.3%
Hint
Answer
% Correct
A bored English Teacher
Grantly Budgen
68.7%
She has a twin
Shona Mansfield
68.2%
Had an affair with her best friends boyfriend
Vicki Macdonald
66.8%
She has a twin
Rhona Mansfield
65.4%
A man who is stuggling as a maths teacher
Daniel Chalk
64.6%
The irish ex dinner lady
Rose Kelly
64.2%
His dad is the caretaker
Aiden Scotcher
60.8%
Her mum had an affair with another pupil's dad
Amy porter
60.3%
The caretaker
Rob Scotcher
58.7%
Big troublemaker and arrives after Sam dies
Jodi Allen
56.3%
Dosent get on with the head teacher
Eleanor Chaudry
43.9%
A gossiper and a school secretary
Jannece Bryant
28.4%
Quiz Playlist
Details
Report
Send in Message
Add To Playlist
Classic:
Type in answers that appear in a list
Last Updated: Feb 20, 2019
Quiz Scoreboard
CHALLENGE
Sign Up to Join the Scoreboard
Show All
Scores
Hide
Comments
May contain spoilers
Recently Published
NBA Finals Game Top Scorers (2010s)
by flibbidy
Sports
5m
Guess the 'R' Things in 3 Words
by MSUKent
Miscellaneous
3m
Actor to Badly Drawn Movie III
by MoMosMoProblems
Movies
5m
More to Explore
Quiz From the Vault
Featured Blog Post
Where Does Lost Luggage Go?
hide this ad
You Might Also Like...
Tags
Character
road
Waterloo
Today's Top Quizzes in Television
Browse Television
hide this ad
Today's Top Quizzes in Character
Browse Character
Top Contributed Quizzes in Television
1
Hidden Simpsons Character
2
First Name TV: Leading Men
3
Hidden Simpsons Character II
4
Hidden Simpsons Character III
5
First Name TV: Leading Women Drama
6
Hidden Simpsons Character IV
7
Hidden Simpsons Character V
8
Hidden Simpsons Character VI
9
Hidden Simpsons Character VII
10
Pick A Pair: Religious TV
Explore More
Trending Topics
Crossword
Kpop
Marvel
NBA
Anime
Harry Potter
Disney
Country
Song
WWE
The Office
NFL
Soccer
Pokémon
Puzzle
hide this ad
More By:
conorcow1999
Quiz
Plays
Rating
Category
Featured
Created
WaterlooRoad characters (series 6)
783
Television
Jun 8, 2011
Famous Authors
9
1.00
Just For Fun
Jun 9, 2011
Go to Creator's Profile
Score Distribution
Quiz Creator Spotlight
conorcow1999
Follow
Send a Message
Quizzes Created
-
Created Quiz Play Count
-
More By This Creator
Popular Quizzes Today
1
Find the US States - No Outlines Minefield
2
Find the US States
3
The Countries of the World
4
10 Largest US States in Order
5
Find the Countries of Europe - No Outlines Minefield
6
US States
7
Guess the 'R' Things in 3 Words
8
NBA Finals Game Top Scorers (2010s)
More Television Quizzes
Click the Cartoon Boss
Published
Trending Quizzes
First Name TV: Leading Men
Match the Book to the Film II
First Name TV: Leading Women Drama
Match the Book to the Film VI
Pick A Pair: Religious TV
Recently Updated
Women's Final Four Teams by Year
bhenderson79
Presidents Quartet II
eogle
Anything But Clue(do)
eogle
Anything But Oceanian Capitals
eogle
Anything But 7
eogle
Anything But Thing
eogle
Word Ladder: February 29
pecheneg
Song Title Questions
pecheneg
Women's NCAA Tournament #1 Seeds
pecheneg
Celebrity Mug Shots
pecheneg
Trending Topics
Anime
Kpop
Disney
Crossword
Harry Potter
Marvel
NBA
The Office
Pokémon
Song
WWE
Puzzle
Soccer
Country
NFL
Your Account Isn't Verified!
In order to create a playlist on Sporcle, you need to verify the email address you used during registration. Go to your
Sporcle Settings
to finish the process.
Report this User
Report this user for behavior that violates our
Community Guidelines
.
Details:
Send Report
Go to the Sporcle.com Mobile Site →
Comments